000 00948cam a2200265 i 4500
005 20251109092651.0
008 250721r1992 ua gr 000 0 ara d
020 _a977072056
041 1 _aara
_heng
082 1 4 _a154.2
_bل و ر
100 1 _aلورانس، دافيد هيربرت
_eمؤلف.
240 1 0 _aFantasia of the unconscious.
245 1 0 _aفنتازيا الغريزة /
_cتأليف دافيد هيربرت لورانس ؛ ترجمة عبد المقصود عبد الكريم.
264 3 1 _aالقاهرة :
_bدار الهلال،
_c[1992].
300 _a293 صفحة.
650 1 7 _aعلم النفس الفسيولوجي.
650 1 7 _aالذاكرة.
650 1 7 _aالغرائز.
650 1 7 _aالفسيولوجيا.
650 1 7 _aالنوم.
650 1 7 _aالطب النفسي.
700 1 _aعبد الكريم، عبد المقصود
_eمترجم.
942 _2ddc
_cBK
999 _c2824
_d2824